| 000 | 00541 a2200169 4500 | ||
|---|---|---|---|
| 001 | 142146 | ||
| 040 | _cLeonardo Da Vinci | ||
| 041 | _aPortuguês | ||
| 082 |
_a372.24 T327e _bT327e |
||
| 100 | _aTETRA PAK | ||
| 245 | _aA embalagem e o ambiente | ||
| 260 |
_bTetra Pak _c1998 _aSão Paulo |
||
| 300 | _a32 | ||
| 362 | _a19980000 | ||
| 697 |
_aCiências _aMeio Ambiente _aEcologia _aLixo _aTratamento _aColeta _aReciclagem _aMetal _aVidro _aPlástico _aPapel _aEmbalagem _aEducação Ambiental _aCidadania _aEnsino Fundamental 1. ciclo |
||
| 942 | _cBK | ||
| 999 |
_c142146 _d142146 |
||